000 00814nam a2200217 i 4500
001 140783
003 ES-MaACL
005 20250824063045.0
007 t|
008 070917s1947 sp ||||1| spa d
100 1 _aMillás Vallicrosa, José María,
_d1888-1970
_981191
245 1 0 _aYehudá Ha-Leví como poeta y apologista /
_cpor José María Millás Vallicrosa.
260 _aMadrid :
_bConsejo Superior de Investigaciones Científicas, Instituto Arias Montano,
_c1947.
300 _a284 p. ;
_c18 cm.
490 1 _aBiblioteca hebraicoespañola ;
_v2
600 1 4 _aYehuda ha-Levi-
_xCrítica e interpretación.
_9117610
710 2 _aInstituto "Arias Montano"
_94797
830 0 _aBiblioteca hebraicoespañola ;
_v2
_9184848
852 _aES-MaACL
_jC-4562
_bR.25049
999 _c140783
_d140783